La reserva en la donación de gametos y el derecho a la identidad del hijo concebido a través de las T.P.H.A (Registro nro. 63445)
[ vista simple ]
| 000 -LÍDER | |
|---|---|
| Campo fijo de descripción fija | 007090000a22001210004500 |
| 100 1# - ASIENTO PRINCIPAL--NOMBRE PERSONAL | |
| Nombre personal | Garcés, Hugo. |
| 245 10 - TÍTULO | |
| Título del Material | La reserva en la donación de gametos y el derecho a la identidad del hijo concebido a través de las T.P.H.A |
| 300 ## - DESCRIPCIÓN FÍSICA | |
| Extensión | no.1 (2010), p. 5-12 |
| 650 14 - ASIENTO SECUNDARIO DE MATERIA - TERMINO TEMÁTICO | |
| Término temático o nombre geográfico como elemento de entrada | IDENTIDAD |
| 773 0# - HOST ITEM ENTRY | |
| Title | Foro autónomo |
| 942 ## - TIPO DE MATERIAL (KOHA) | |
| Tipo de Item KOHA | Artículos de Revista |
| Estado de Material | Estado de Perdido | Estado de Dañado | No para Préstamo | Colección | Biblioteca de Origen | Biblioteca Permanente | Fecha de Adquisición | Total de Préstamos | Signatura Topográfica | Última vez visto | Fecha de Remplazo | Tipo de Material |
|---|---|---|---|---|---|---|---|---|---|---|---|---|
| Colección de Hemeroteca | Biblioteca FUSBC | Biblioteca FUSBC | 26/01/2016 | 26/01/2016 | 26/01/2016 | Artículos de Revista |
